00677cam a2200193 a 450000100100000000500170001000800410002702000150006804000300008304300210011308200160013410000540015024500690020426000850027330000430035850400320040150000190043365000310045200001104120200929162339.0700923s1970 xxcab b 001 0 eng d a0802052274 aDO-SdBNPcDLCdDLCdBNPHU an-cn-bcan-us-ak annnnbT238p1 aTaylor, Thomas M. C.,q(Mayne Cunninghame)d1904-10aPacific Northwest ferns and their allies /cThomas M. C. Taylor. aToronto :bUniversity of British Columbia ;bUniversity of Toronto Press,c1970. a247, [1] p. :billus., maps. ;c25 cm. aBibliography: p. [242]-244. aIncluyed index 0aFernszNorthwest, Pacific.